00575nam a2200169Ia 4500003000900000008004100009040001600050080003500066110003300101245012500134260005000259300000900309500001900318650002900337650001800366650002100384IN-BaIIA211028s9999 xx 000 0 eng d cIIA Library a083.7:691.87-42:693.554  aIndian Standards Institution 0aIndian standard code of practice for bending and fixing of bars for concrete reinforcementcIndian Standards Institution aNew DelhibIndian Standards Institutionc1964 a26p. aIS 2502 : 1963 a Concrete Reinforcement a Standards  aNASA Thesaurus